RICS' 150th Anniversary Celebration and Dinner (Record no. 121149)
[ view plain ]
| 000 -LEADER | |
|---|---|
| fixed length control field | 00929nam a22002057a 4500 |
| 001 - CONTROL NUMBER | |
| control field | K121149 |
| 008 - FIXED-LENGTH DATA ELEMENTS--GENERAL INFORMATION | |
| fixed length control field | 180909s2018 xxk|||||r|||| 00| 0 eng d |
| 041 ## - LANGUAGE CODE | |
| Language code of text/sound track or separate title | eng |
| 110 ## - MAIN ENTRY--CORPORATE NAME | |
| Corporate author | Royal Institution of Chartered Surveyors |
| 245 ## - TITLE STATEMENT | |
| Title | RICS' 150th Anniversary Celebration and Dinner |
| Subtitle | 15 June 2018 |
| 520 ## - ABSTRACT | |
| Abstract | Menu, list of guests and programme for RICS Singers celebrating RICS 150th anniversary held at Roux at Parliament Square on 15 June 2018. |
| 650 ## - KEYWORDS | |
| Keywords | RICS |
| 650 ## - KEYWORDS | |
| Keywords | 150th Anniversary |
| 650 ## - KEYWORDS | |
| Keywords | RICS Singers |
| 651 ## - SUBJECT ADDED ENTRY--GEOGRAPHIC NAME | |
| Geographic name | United Kingdom 1973 |
| 690 ## - BROAD SUBJECT | |
| 9 (RLIN) | 6226 |
| Broad subject | Business and management |
| 856 ## - ONLINE RESOURCE | |
| Uniform Resource Identifier | <a href="https://rics.koha-ptfs.co.uk/cgi-bin/koha/opac-retrieve-file.pl?id=53cc835ddf57b1ce66fd6676e5ded12f">https://rics.koha-ptfs.co.uk/cgi-bin/koha/opac-retrieve-file.pl?id=53cc835ddf57b1ce66fd6676e5ded12f</a> |
| Public note | view a digital image of the menu |
| 856 ## - ONLINE RESOURCE | |
| Uniform Resource Identifier | <a href="https://rics.koha-ptfs.co.uk/cgi-bin/koha/opac-retrieve-file.pl?id=7f2a3afdb90b80cf2dc2085de69ae150">https://rics.koha-ptfs.co.uk/cgi-bin/koha/opac-retrieve-file.pl?id=7f2a3afdb90b80cf2dc2085de69ae150</a> |
| Public note | scan of programme and guest list |
| 942 ## - ADDED ENTRY ELEMENTS (KOHA) | |
| Suppress in OPAC | Do not suppress in OPAC |
| Lost status | Damaged status | Not for loan | Home library | Current library | Shelving location | Date acquired | Total Checkouts | Full call number | Date last seen | Price effective from | Koha item type |
|---|---|---|---|---|---|---|---|---|---|---|---|
| Archives | Archives | Archive copy | 25/10/2019 | 2018/14 RICS | 25/10/2019 | 25/10/2019 | Book | ||||
| Virtual | Virtual | Online | 10/05/2023 | SCAN | 10/05/2023 | 10/05/2023 | Online material |